000 00826nam a2200205Ia 4500
999 _c39370
_d39370
001 5959
003 GE_BSU
005 20191115170853.0
008 181216s1961||||g |||||||||||||| ||g ||
040 _cGE_BSU
041 _ageo
080 _a910.4(569.4)+821 ა-13
100 _aაბაშიძე, ირაკლი
_93740
245 _aპალესტინის დღიური /
_cირაკლი აბაშიძე ; რედ. გ. წერეთელი.
264 _aთბილისი :
_bლიტერატურული გაზეთის გამოცემა,
_c1961.
300 _a61 გვ. ;
_c21 სმ.
653 _aპალესტინის დღიური
700 _aწერეთელი, გ.
_eრედაქტორი
_93818
942 _cBK
_2udc